The planet Jupiter (Record no. 7290)

MARC details
000 -LEADER
fixed length control field 00619nam a2200205Ia 4500
003 - CONTROL NUMBER IDENTIFIER
control field IN-BaIIA
008 - FIXED-LENGTH DATA ELEMENTS--GENERAL INFORMATION
fixed length control field 211028s9999 xx 000 0 eng d
020 ## - INTERNATIONAL STANDARD BOOK NUMBER
International Standard Book Number 0-571-18026-4
040 ## - CATALOGING SOURCE
Transcribing agency IIA Library
080 ## - UNIVERSAL DECIMAL CLASSIFICATION NUMBER
Universal Decimal Classification number 523.45(035)
Item number PEE
100 ## - MAIN ENTRY--PERSONAL NAME
Personal name Peek, Bertrand M.
9 (RLIN) 3364
245 #4 - TITLE STATEMENT
Title The planet Jupiter
Remainder of title the observer's handbook
Statement of responsibility, etc. Bertrand M. Peek
250 ## - EDITION STATEMENT
Edition statement 2nd ed.
260 ## - PUBLICATION, DISTRIBUTION, ETC.
Place of publication, distribution, etc. London
Name of publisher, distributor, etc. Faber and Faber
Date of publication, distribution, etc. 1981
300 ## - PHYSICAL DESCRIPTION
Extent 240p.
650 ## - SUBJECT ADDED ENTRY--TOPICAL TERM
Topical term or geographic name entry element Astronomy and astrophysics thesaurus
650 ## - SUBJECT ADDED ENTRY--TOPICAL TERM
Topical term or geographic name entry element Planet Jupiter
9 (RLIN) 1376
650 ## - SUBJECT ADDED ENTRY--TOPICAL TERM
Topical term or geographic name entry element Planetary system
9 (RLIN) 756
942 ## - ADDED ENTRY ELEMENTS (KOHA)
Koha item type Books
Holdings
Withdrawn status Lost status Damaged status Not for loan Home library Current library Shelving location Date acquired Total Checkouts Full call number Barcode Date last seen Price effective from Koha item type Purchase Price
        IIA Library-Bangalore IIA Library-Bangalore General Stacks 09/03/1983   523.45(035)/ PEE 8092 05/11/2021 09/03/1983 Books £ 10.00

Powered by Koha